| 000 | 01030nac a22002771u 4500 | ||
|---|---|---|---|
| 010 | _a 86072432 | ||
| 020 | _a0897210883 (pbk.) : | ||
| 082 | 0 | 0 |
_a684.16 _bHOW |
| 090 |
_c9092 _d9092 |
||
| 100 | _a20080729 | ||
| 245 | 1 | 0 |
_aHow to plan & build bookcases, cabinets & shelves / _ccreated and designed by the editorial staff of Ortho Books ; project editor, Karin Shakery ; writer, Craig Bergquist...[et. al.] |
| 260 |
_aSan Francisco, CA : _bOrtho Book, Chevron Chemical Co.,1987. _cc1987. |
||
| 300 |
_a96 p. : _bcol. ill. ; _c28 cm. |
||
| 500 | _aIncludes index. | ||
| 500 | _aDistributer: Al-Ahram | ||
| 511 | _aCatalogued by: Sara | ||
| 650 | 0 | _aShelving for books. | |
| 650 | 0 | _aShelving (Furniture) | |
| 650 | 0 | _aCabinetwork. | |
| 700 | 1 | _aShakery, Karin. | |
| 700 | 1 | _aBergquist, Craig. | |
| 710 | 2 | _aOrtho Books. | |
| 740 | 0 | _aHow to plan and build bookcases, cabinets, and shelves. | |
| 740 | 0 | _aBookcases, cabinets & shelves. | |
| 942 |
_cBB _k684.16HOW |
||
| 999 |
_c9092 _d9092 |
||